Memorial de la noche

Saved in:
Bibliografiske detaljer
Hovedforfatter: Manns, Patricio (autor)
Format: Bog
Sprog:spansk
Udgivet: Santiago Sudamericana 1998
Serier:Biblioteca Claves de Chile
Fag:
Tags: Tilføj Tag
Ingen Tags, Vær først til at tagge denne postø!

MARC

LEADER 00000nam a2200000 a 4500
001 UCQ2656
003 CL-VaPUC
008 980724e19980000CL |||||||||||||||||spa|d
082 0 4 |a Ch863  |b MAN  |2 21 
100 |a Manns, Patricio  |e autor  |9 491482 
245 1 0 |a Memorial de la noche 
300 |a 164 p 
942 |c BK 
945 |d 19980724 00:00:00  |a mvenant 
260 |a Santiago  |b Sudamericana  |c 1998 
650 0 |a Novelas chilenas   |9 265425 
583 |a last modification  |c 19980724 00:00:00  |k Rodrigo Vera 
490 0 |a Biblioteca Claves de Chile 
999 |c 273445  |d 273443 
952 |0 0  |1 0  |4 0  |6 CH_863_000000000000000_MAN_1998  |7 0  |8 A  |9 309006  |a BIBEDU  |b BIBEDU  |d 2019-11-20  |i 3447537  |o Ch863 MAN 1998  |p 3447537  |r 2019-11-20  |w 2019-11-20  |y BK  |k LIT